[Event "Reykjavik Open 2015"]
[Site "Reykjavik ISL"]
[Date "2015.03.14"]
[Round "6.18"]
[White "Hammer, Jon Ludvig"]
[Black "Hagen, Andreas Skytte"]
[Result "1-0"]
[WhiteTitle "GM"]
[BlackTitle "IM"]
[WhiteElo "2651"]
[BlackElo "2412"]
[WhiteFideId "1503707"]
[BlackFideId "1407341"]
[EventDate "2015.03.10"]

1. e4 e5 2. Nf3 Nc6 3. Bb5 Nf6 4. O-O Nxe4 5. d4 Nd6 6. Bxc6 dxc6 7. dxe5 Nf5 8.
Qxd8+ Kxd8 9. h3 h6 10. Rd1+ Ke8 11. Nc3 Ne7 12. Bf4 Ng6 13. Bg3 Bb4 14. Nd4
Bxc3 15. bxc3 Be6 16. Rab1 b6 17. Nxc6 Ne7 18. Nd4 Nf5 19. Nxe6 fxe6 20. Bh2 Rd8
21. Rd3 Ne7 22. Kf1 Rd5 23. Rbd1 Kf7 24. c4 Rc5 25. Rd4 Rc8 26. Rf4+ Ke8 27. Rg4
Nf5 28. Rd3 Ke7 29. Re4 Ke8 30. Bf4 Ra5 31. a3 Rd8 32. Bc1 Ra4 33. Ke2 c5 34.
Rxd8+ Kxd8 35. Kd3 Ke8 36. c3 Ne7 37. Rg4 Nc6 38. Rxg7 Nxe5+ 39. Kc2 Nxc4 40.
Rg6 Kf7 41. Rxh6 b5 42. Rh5 Nxa3+ 43. Bxa3 Rxa3 44. Kb2 Ra4 45. Rxc5 Re4 46.
Rxb5 Re2+ 47. Kb3 Rxf2 48. Rg5 Kf6 49. Rg3 Rd2 50. h4 e5 51. h5 Rd1 52. h6 Rh1
53. Rh3 Rxh3 54. gxh3 e4 55. c4 a5 56. c5 a4+ 57. Kc2 a3 58. h7 Kg7 59. c6 a2
60. Kb2 a1=Q+ 61. Kxa1 e3 62. h8=Q+ Kxh8 63. c7 1-0

[Event "Reykjavik Open 2015"]
[Site "Reykjavik ISL"]
[Date "2015.03.14"]
[Round "6.19"]
[White "Jones, Gawain C B"]
[Black "Tania, Sachdev"]
[Result "1-0"]
[WhiteTitle "GM"]
[BlackTitle "IM"]
[WhiteElo "2642"]
[BlackElo "2404"]
[WhiteFideId "409561"]
[BlackFideId "5007844"]
[EventDate "2015.03.10"]

1. c4 e5 2. Nc3 Nf6 3. g3 d5 4. cxd5 Nxd5 5. Bg2 Nb6 6. Nf3 Nc6 7. O-O Be7 8.
Rb1 g5 9. d3 g4 10. Nd2 Be6 11. b4 Nd5 12. Bb2 Ndxb4 13. Qa4 Qd7 14. Ba1 Rb8 15.
a3 Nd5 16. Nxd5 Bxd5 17. Bxd5 Qxd5 18. Rfc1 O-O 19. Qxg4+ Kh8 20. Qf5 f6 21. a4
Qa2 22. Nf3 Qxa4 23. Rc4 Qa2 24. Rbc1 Rg8 25. Nxe5 Nxe5 26. Bxe5 fxe5 27. Qxe5+
Rg7 28. Rxc7 Qa3 29. R1c3 Qb4 30. Rxe7 1-0

[Event "Reykjavik Open 2015"]
[Site "Reykjavik ISL"]
[Date "2015.03.14"]
[Round "6.20"]
[White "Grandelius, Nils"]
[Black "Thorfinnsson, Bjorn"]
[Result "1-0"]
[WhiteTitle "GM"]
[BlackTitle "IM"]
[WhiteElo "2603"]
[BlackElo "2403"]
[WhiteFideId "1710400"]
[BlackFideId "2300982"]
[EventDate "2015.03.10"]

1. e4 e5 2. Nf3 Nf6 3. Nxe5 d6 4. Nf3 Nxe4 5. d4 d5 6. Bd3 Nc6 7. O-O Be7 8. Nc3
Nf6 9. h3 Nb4 10. Be2 Bf5 11. a3 Nc6 12. Ne5 O-O 13. g4 Bc8 14. Bf3 Be6 15. Bg2
Ne8 16. f4 f6 17. Nf3 f5 18. Qe2 Qd7 19. Re1 Bf7 20. Ne5 Nxe5 21. dxe5 Be6 22.
g5 c6 23. Be3 Nc7 24. Rad1 b6 25. Qf2 Rad8 26. b4 Qe8 27. Ne2 Bc8 28. c3 Ba6 29.
Nd4 Bc4 30. Qc2 Qg6 31. Qa4 Nb5 32. Nxb5 Bxb5 33. Qxa7 Bxg5 34. fxg5 f4 35. Qxb6
fxe3 36. Qxe3 h6 37. gxh6 gxh6 38. Rd4 h5 39. Kh2 Kh8 40. Rg1 1-0

[Event "Reykjavik Open 2015"]
[Site "Reykjavik ISL"]
[Date "2015.03.14"]
[Round "6.21"]
[White "Jussupow, Artur"]
[Black "Foisor, Cristina-Adela"]
[Result "1-0"]
[WhiteTitle "GM"]
[BlackTitle "IM"]
[WhiteElo "2573"]
[BlackElo "2394"]
[WhiteFideId "4618777"]
[BlackFideId "1200496"]
[EventDate "2015.03.10"]

1. d4 g6 2. c4 Bg7 3. e4 c5 4. d5 d6 5. Nc3 Nf6 6. f3 O-O 7. Bg5 a6 8. a4 h6 9.
Be3 e6 10. Nge2 exd5 11. cxd5 Nbd7 12. Ng3 Rb8 13. Be2 Ne8 14. Qd2 Kh7 15. O-O
Nc7 16. f4 b5 17. e5 bxa4 18. Nge4 dxe5 19. f5 Nb5 20. fxg6+ fxg6 21. Rxf8 Qxf8
22. Rf1 Qd8 23. Nxb5 axb5 24. Bxh6 Qh4 25. Bxg7 Kxg7 26. Qe3 Bb7 27. Nxc5 Rh8
28. h3 Bxd5 29. Nxd7 Qd4 30. Qxd4 exd4 31. Bxb5 Bb3 32. Nc5 Rb8 33. Nxb3 Rxb5
34. Nxd4 Rxb2 35. Ne6+ 1-0

[Event "Reykjavik Open 2015"]
[Site "Reykjavik ISL"]
[Date "2015.03.14"]
[Round "6.22"]
[White "Brunello, Sabino"]
[Black "L'Ami, Alina"]
[Result "1/2-1/2"]
[WhiteTitle "GM"]
[BlackTitle "IM"]
[WhiteElo "2540"]
[BlackElo "2393"]
[WhiteFideId "813613"]
[BlackFideId "1210246"]
[EventDate "2015.03.10"]

1. c4 Nf6 2. g3 g6 3. Bg2 Bg7 4. Nc3 O-O 5. e4 d6 6. Nge2 c5 7. d3 Nc6 8. O-O a6
9. a4 Rb8 10. h3 Ne8 11. Be3 Nc7 12. d4 b6 13. d5 Ne5 14. b3 b5 15. f4 Nd7 16.
a5 b4 17. Na4 Bxa1 18. Qxa1 f6 19. g4 Ne8 20. Nb2 Ng7 21. Nd3 Qc7 22. Ng3 Bb7
23. e5 fxe5 24. fxe5 Rxf1+ 25. Kxf1 e6 26. Ne4 exd5 27. exd6 Qc8 28. Nexc5 dxc4
29. Bxb7 Rxb7 30. Qd4 cxd3 31. Qd5+ Kh8 32. Qxb7 Qf8+ 33. Kg2 Nxc5 34. Bxc5 Ne6
35. Qe7 Qa8+ 36. Kg3 Qd5 37. Bd4+ Qxd4 38. Qxe6 d2 39. Qe8+ Kg7 40. Qe7+ Kg8 41.
Qe8+ Kg7 42. Qe7+ Kg8 1/2-1/2

[Event "Reykjavik Open 2015"]
[Site "Reykjavik ISL"]
[Date "2015.03.14"]
[Round "6.23"]
[White "Grover, Sahaj"]
[Black "Khademalsharieh, Sarasadat"]
[Result "1/2-1/2"]
[WhiteTitle "GM"]
[BlackTitle "WGM"]
[WhiteElo "2519"]
[BlackElo "2357"]
[WhiteFideId "5021103"]
[BlackFideId "12512214"]
[EventDate "2015.03.10"]

1. e4 e5 2. Nf3 Nc6 3. Bb5 a6 4. Ba4 Nge7 5. c3 g6 6. d4 exd4 7. cxd4 b5 8. Bc2
d5 9. exd5 Nxd5 10. O-O Be6 11. Nc3 Bg7 12. Nxd5 Qxd5 13. Bb3 Qf5 14. Be3 Bxb3
15. Qxb3 O-O 16. Rac1 Na5 17. Qc2 Qxc2 18. Rxc2 Nc4 19. b3 Nxe3 20. fxe3 Rae8
21. Kf2 Re7 22. Re1 Rfe8 23. g4 f5 24. gxf5 gxf5 25. Ree2 Re4 26. Ng5 R4e7 27.
Nf3 Re4 28. Rxc7 f4 29. Ke1 Rxe3 30. Rxe3 Rxe3+ 31. Kf2 Rd3 32. Ke2 Re3+ 1/2-1/2

[Event "Reykjavik Open 2015"]
[Site "Reykjavik ISL"]
[Date "2015.03.14"]
[Round "6.24"]
[White "Vuilleumier, Alexandre"]
[Black "Kristjansson, Stefan"]
[Result "1/2-1/2"]
[WhiteTitle "IM"]
[BlackTitle "GM"]
[WhiteElo "2349"]
[BlackElo "2482"]
[WhiteFideId "1305662"]
[BlackFideId "2301172"]
[EventDate "2015.03.10"]

1. e4 c5 2. Nf3 e6 3. c3 d5 4. exd5 exd5 5. Bb5+ Bd7 6. Qe2+ Be7 7. O-O Nf6 8.
Re1 c4 9. Na3 a6 10. Bxd7+ Qxd7 11. Nc2 Nc6 12. Ncd4 Nxd4 13. cxd4 Ne4 14. b3 b5
15. bxc4 bxc4 16. Ne5 Qc7 17. Nxc4 O-O 18. Ne3 Qd7 19. f3 Nd6 20. Ba3 Rfe8 21.
Qd3 Bh4 22. g3 Bg5 23. f4 Bd8 24. Bxd6 Qxd6 25. Nf5 Qd7 26. Rxe8+ Qxe8 27. Ne3
Qd7 28. Rc1 Bb6 29. Kg2 h5 30. Qf5 Qxf5 31. Nxf5 g6 32. Rc6 Rb8 33. Ne7+ Kf8 34.
Nxd5 Bxd4 35. Rc4 Ba7 36. Rc7 Rd8 37. Rxa7 Rxd5 38. Rxa6 Rxd2+ 39. Kg1 Rd1+ 40.
Kg2 Rd2+ 41. Kh3 Kg7 42. a4 Ra2 43. a5 f6 44. Ra7+ Kh6 45. Rf7 Rxa5 46. Rxf6 Kg7
47. Rd6 g5 48. Rb6 Rc5 49. fxg5 1/2-1/2

[Event "Reykjavik Open 2015"]
[Site "Reykjavik ISL"]
[Date "2015.03.14"]
[Round "6.25"]
[White "Georgiadis, Nico"]
[Black "Cummings, David H."]
[Result "1-0"]
[WhiteTitle "IM"]
[BlackTitle "IM"]
[WhiteElo "2468"]
[BlackElo "2345"]
[WhiteFideId "1300113"]
[BlackFideId "2603578"]
[EventDate "2015.03.10"]

1. e4 e5 2. Nf3 Nc6 3. Bb5 Nf6 4. d3 Bc5 5. O-O d6 6. Nbd2 O-O 7. Bxc6 bxc6 8.
h3 Re8 9. Re1 h6 10. Nf1 a5 11. Ng3 a4 12. Bd2 d5 13. exd5 Qxd5 14. Bc3 Bd6 15.
Nd2 c5 16. Nc4 Bb7 17. f3 Ba6 18. b3 Rad8 19. Qd2 Kh7 20. Qf2 Bc8 21. Re2 Re6
22. Rae1 axb3 23. axb3 Nd7 24. Nf5 Rde8 25. Qh4 Rg6 26. Kh1 Nf8 27. Qe4 Qe6 28.
Nxe5 Bxe5 29. Qxe5 Qxe5 30. Rxe5 Rxe5 31. Rxe5 Rg5 32. Nxg7 Rxe5 33. Bxe5 Ng6
34. Bb2 Ne7 35. Ne8 Nd5 36. Nf6+ Nxf6 37. Bxf6 Kg6 38. Be7 c4 39. dxc4 Bf5 40.
c3 Bc2 41. b4 Bd3 42. c5 c6 43. Kg1 h5 44. g4 f5 45. gxh5+ Kxh5 46. f4 Kg6 47.
Kf2 Kf7 48. Bd6 Kf6 49. Ke3 Bc4 50. h4 Bf7 51. Kd4 Bh5 52. Be5+ Ke6 53. c4 Be2
54. b5 cxb5 55. cxb5 Bxb5 56. h5 Be8 57. h6 Bg6 58. c6 1-0

[Event "Reykjavik Open 2015"]
[Site "Reykjavik ISL"]
[Date "2015.03.14"]
[Round "6.26"]
[White "Bekker-Jensen, Simon"]
[Black "Rosner, Jonas"]
[Result "1-0"]
[WhiteTitle "IM"]
[BlackTitle "FM"]
[WhiteElo "2462"]
[BlackElo "2324"]
[WhiteFideId "1403613"]
[BlackFideId "24608513"]
[EventDate "2015.03.10"]

1. e4 c6 2. Nc3 d5 3. Nf3 Bg4 4. h3 Bxf3 5. Qxf3 e6 6. d3 Nd7 7. Bd2 g6 8. O-O-O
Bg7 9. d4 Ne7 10. Bf4 Qb6 11. Bd6 Nc8 12. Ba3 Bf8 13. Bxf8 Rxf8 14. Qg3 Ne7 15.
Qh4 h5 16. Kb1 Qc7 17. exd5 cxd5 18. Nb5 Qb8 19. c4 dxc4 20. Bxc4 Nf5 21. Qg5
Nd6 22. Nxd6+ Qxd6 23. Rhe1 Rg8 24. Re3 Kf8 25. Qh6+ Ke8 26. Rde1 Kd8 27. Qg5+
Kc7 28. Bxe6 fxe6 29. Rxe6 Qxd4 30. Rc1+ Kb8 31. Qg3+ 1-0

[Event "Reykjavik Open 2015"]
[Site "Reykjavik ISL"]
[Date "2015.03.14"]
[Round "6.27"]
[White "Ni, Shiqun"]
[Black "Galego, Luis"]
[Result "1/2-1/2"]
[WhiteTitle "WIM"]
[BlackTitle "GM"]
[WhiteElo "2315"]
[BlackElo "2461"]
[WhiteFideId "8608466"]
[BlackFideId "1900072"]
[EventDate "2015.03.10"]

1. e4 d6 2. d4 c6 3. Nc3 Nf6 4. Nf3 Bg4 5. h3 Bxf3 6. Qxf3 e6 7. Bd3 d5 8. Be3
a6 9. O-O Be7 10. e5 Nfd7 11. Qg3 g6 12. Ne2 c5 13. c3 Nc6 14. Rab1 cxd4 15.
cxd4 Nb4 16. Bh6 Nxa2 17. Nf4 Qb6 18. Rfd1 O-O-O 19. Ne2 Nb8 20. Nc3 Nb4 21. Na4
Qc7 22. Rbc1 N8c6 23. Bf1 Kb8 24. Bd2 Rc8 25. Qb3 Qd8 26. Nc5 Bxc5 27. Rxc5 a5
28. Rdc1 Qb6 29. Bc3 Na7 30. Rxa5 Rxc3 31. bxc3 Qxa5 32. cxb4 Qb6 33. Rc5 Nc6
34. Qc3 Rc8 35. Bb5 Rc7 1/2-1/2

[Event "Reykjavik Open 2015"]
[Site "Reykjavik ISL"]
[Date "2015.03.14"]
[Round "6.28"]
[White "Hamitevici, Vladimir"]
[Black "Antal, Tibor Kende"]
[Result "0-1"]
[WhiteTitle "IM"]
[BlackTitle "FM"]
[WhiteElo "2450"]
[BlackElo "2317"]
[WhiteFideId "13902393"]
[BlackFideId "738581"]
[EventDate "2015.03.10"]

1. b3 e5 2. Bb2 Nc6 3. e3 Nf6 4. c4 g6 5. g3 Bg7 6. Bg2 d5 7. cxd5 Nxd5 8. a3
Be6 9. Nf3 O-O 10. d4 exd4 11. Nxd4 Nxd4 12. Bxd4 Nb6 13. Bxb7 Rb8 14. Bxg7
Qxd1+ 15. Kxd1 Bxb3+ 16. Kc1 Kxg7 17. Nd2 Rxb7 18. Nxb3 Nc4 19. Kc2 Rfb8 20.
Rhb1 c5 21. h3 h5 22. a4 a5 23. Nd2 Nxd2 24. Rxb7 Rxb7 25. Kxd2 Rb2+ 26. Ke1 c4
27. Rc1 Rb4 28. Kd2 Rxa4 29. Kc3 Kf6 30. Kd4 Ra2 31. f4 Rh2 32. g4 h4 33. Rxc4
Rxh3 34. Rc6+ Kg7 35. Ra6 Rg3 36. Rxa5 Rxg4 37. Ra1 h3 38. Kd3 h2 39. Rh1 Rg2
40. e4 Kf6 41. Ke3 Rg3+ 42. Kf2 Rh3 43. Kg2 Rh4 44. Rf1 h1=Q+ 45. Rxh1 Rxh1 46.
Kxh1 g5 0-1

[Event "Reykjavik Open 2015"]
[Site "Reykjavik ISL"]
[Date "2015.03.14"]
[Round "6.29"]
[White "Maisuradze, Nino"]
[Black "Thorfinnsson, Bragi"]
[Result "1-0"]
[WhiteTitle "WGM"]
[BlackTitle "IM"]
[WhiteElo "2302"]
[BlackElo "2429"]
[WhiteFideId "13601717"]
[BlackFideId "2300958"]
[EventDate "2015.03.10"]

1. d4 Nf6 2. c4 e6 3. Nc3 Bb4 4. e3 O-O 5. Ne2 Re8 6. a3 Bf8 7. Ng3 d5 8. Be2
dxc4 9. Bxc4 Nc6 10. O-O a6 11. b4 b6 12. Bb2 Bb7 13. Rc1 g6 14. Qb3 Qe7 15. d5
Ne5 16. dxe6 fxe6 17. Be2 Bg7 18. f4 Neg4 19. e4 Nxh2 20. Kxh2 Nh5 21. Kh3 Nxg3
22. Kxg3 g5 23. Kh3 Qf6 24. g3 Rad8 25. fxg5 Qxg5 26. Rf4 Kh8 27. Rg4 Qh6+ 28.
Kg2 Rd2 29. Rc2 Red8 30. Nb1 R2d7 31. Bxg7+ Rxg7 32. Qb2 Rd7 33. Bf3 Kg8 34.
Rxg7+ Rxg7 35. Qe5 1-0

[Event "Reykjavik Open 2015"]
[Site "Reykjavik ISL"]
[Date "2015.03.14"]
[Round "6.30"]
[White "Thorhallsson, Throstur"]
[Black "Mamedjarova, Zeinab"]
[Result "1-0"]
[WhiteTitle "GM"]
[BlackTitle "WGM"]
[WhiteElo "2428"]
[BlackElo "2303"]
[WhiteFideId "2300109"]
[BlackFideId "13401521"]
[EventDate "2015.03.10"]

1. e4 d6 2. d4 Nf6 3. Nc3 Nbd7 4. Nf3 e5 5. Bc4 Be7 6. O-O O-O 7. Re1 exd4 8.
Nxd4 Nb6 9. Bf1 d5 10. exd5 Nbxd5 11. Nxd5 Nxd5 12. Qf3 c6 13. h3 Bf6 14. Nb3 a5
15. c4 a4 16. Nc5 Qa5 17. Nd3 Ne7 18. Bf4 Be6 19. Be5 Bxe5 20. Rxe5 Qc7 21. Rae1
Ng6 22. R5e4 Rfd8 23. h4 h6 24. h5 Nf8 25. Ne5 c5 26. Bd3 a3 27. b3 Ra6 28. Rf4
Rad6 29. Re3 Rd4 30. Rxd4 Rxd4 31. Qe2 Qd8 32. g3 Qd6 33. Qf3 Qc7 34. Re4 Qd6
35. Re3 Qd8 36. Qxb7 Rd6 37. Qf3 Qa5 38. Nc6 Qd2 39. Ne7+ Kh8 40. Qa8 Qd1+ 41.
Kg2 1-0

[Event "Reykjavik Open 2015"]
[Site "Reykjavik ISL"]
[Date "2015.03.14"]
[Round "6.32"]
[White "Norowitz, Yaacov"]
[Black "Djurhuus, Eivind X"]
[Result "1-0"]
[WhiteTitle "IM"]
[WhiteElo "2422"]
[BlackElo "2077"]
[WhiteFideId "2024799"]
[BlackFideId "1515721"]
[EventDate "2015.03.10"]

1. d4 Nf6 2. Nf3 e6 3. c4 d5 4. Nc3 Bb4 5. Bg5 h6 6. Bxf6 Qxf6 7. Qa4+ Nc6 8. e3
O-O 9. Rc1 Bd7 10. a3 Bxc3+ 11. Rxc3 Qg6 12. Qc2 Qxc2 13. Rxc2 a5 14. Kd2 Rfc8
15. b3 Ne7 16. c5 b5 17. Ne5 Be8 18. c6 f6 19. Nd7 Nxc6 20. Bxb5 Bxd7 21. Bxc6
Bxc6 22. Rxc6 Kf7 23. Rhc1 Ra7 24. f3 Ke7 25. e4 dxe4 26. fxe4 Kd7 27. R1c3 Rb8
28. R6c5 c6 29. Kc2 Rb6 30. h4 Kd6 31. h5 e5 32. dxe5+ fxe5 33. R5c4 Rf7 34.
Rd3+ Ke6 35. Rg3 Rf2+ 36. Kc3 Re2 37. a4 Kf7 38. Rc5 Rxe4 39. Rxa5 Reb4 40. Ra7+
Kf6 41. Rg6+ Kf5 42. Rf7+ 1-0

[Event "Reykjavik Open 2015"]
[Site "Reykjavik ISL"]
[Date "2015.03.14"]
[Round "6.33"]
[White "Edvardsson, Kristjan"]
[Black "Shen, Victor C"]
[Result "1-0"]
[BlackTitle "IM"]
[WhiteElo "2176"]
[BlackElo "2401"]
[WhiteFideId "2300893"]
[BlackFideId "2028581"]
[EventDate "2015.03.10"]

1. d4 Nf6 2. c4 e6 3. g3 c5 4. d5 exd5 5. cxd5 d6 6. Nc3 g6 7. Bg2 Bg7 8. Nf3
O-O 9. O-O Re8 10. Nd2 Nbd7 11. h3 a6 12. a4 Rb8 13. Nc4 Ne5 14. Na3 Nh5 15. e4
Bd7 16. a5 Qxa5 17. g4 Nf6 18. f4 Nexg4 19. hxg4 Nxg4 20. f5 h5 21. Bg5 Qb4 22.
f6 Re5 23. Nc2 Qb6 24. Qd2 Rxg5 25. fxg7 Qd8 26. Ne1 h4 27. Qf4 Qe7 28. Nf3 Rh5
29. Bh3 Nf6 30. Bxd7 Nxd7 31. Rf2 Kxg7 32. Raf1 Rf8 33. Rg2 Ne5 34. Ng5 b5 35.
Nd1 a5 36. Ne3 Kh8 37. Ne6 Ra8 38. Ng5 Ra7 39. Kh1 a4 40. Rfg1 b4 41. Rh2 f6 42.
Rxh4 Rxh4+ 43. Qxh4+ Kg8 44. Nf5 gxf5 45. Nh7+ Ng4 46. Nxf6+ Kf7 47. Qh7+ Kxf6
48. Qxf5+ Kg7 49. Rxg4+ Kh8 50. Qc8+ Kh7 51. Qg8+ 1-0

[Event "Reykjavik Open 2015"]
[Site "Reykjavik ISL"]
[Date "2015.03.14"]
[Round "6.34"]
[White "Rasmussen, Allan Stig"]
[Black "Johannesson, Oliver"]
[Result "1-0"]
[WhiteTitle "GM"]
[WhiteElo "2532"]
[BlackElo "2212"]
[WhiteFideId "1406000"]
[BlackFideId "2305623"]
[EventDate "2015.03.10"]

1. e4 e6 2. d3 d5 3. Nd2 Nf6 4. f4 dxe4 5. dxe4 e5 6. f5 Bc5 7. Qf3 g6 8. Bd3
Nc6 9. c3 a5 10. Nh3 h6 11. Nf2 Kf8 12. Bb5 Bd7 13. Nd3 Ba7 14. Bxc6 Bxc6 15.
fxg6 fxg6 16. Nxe5 Kg7 17. Nxc6 bxc6 18. Nc4 Rf8 19. Qh3 Nh5 20. Bd2 Nf4 21.
Bxf4 Rxf4 22. Nd2 Bf2+ 23. Ke2 Qe7 24. Rhf1 Raf8 25. Qd3 Qh4 26. Kd1 Rd8 27. g3
Rxd3 28. gxh4 Be3 29. Ke2 Rxd2+ 30. Kxe3 Rxf1 31. Rxf1 Rxh2 32. e5 Rxh4 33. e6
Rh5 34. Rf7+ Kg8 35. Ke4 Rf5 36. Rxc7 h5 37. Rc8+ Rf8 38. Rxc6 Kg7 39. Ke5 h4
40. Rc7+ Kh6 41. e7 Re8 42. Kf6 g5 43. Rd7 g4 44. Rd4 Kh5 45. Rd8 1-0

[Event "Reykjavik Open 2015"]
[Site "Reykjavik ISL"]
[Date "2015.03.14"]
[Round "6.35"]
[White "Ptacnikova, Lenka"]
[Black "Akesson, Ralf"]
[Result "1/2-1/2"]
[WhiteTitle "WGM"]
[BlackTitle "GM"]
[WhiteElo "2242"]
[BlackElo "2456"]
[WhiteFideId "305650"]
[BlackFideId "1700120"]
[EventDate "2015.03.10"]

1. e4 c6 2. d4 d5 3. exd5 cxd5 4. c4 Nf6 5. Nc3 e6 6. Nf3 Bb4 7. cxd5 Nxd5 8.
Bd2 Nc6 9. Bd3 Be7 10. a3 Bf6 11. Be3 Qa5 12. Rc1 Nxc3 13. bxc3 Qxa3 14. Ng5
Bxg5 15. Bxg5 Qa5 16. Be3 e5 17. O-O Be6 18. Qc2 Rd8 19. Rb1 Qc7 20. dxe5 Nxe5
21. Bb5+ Bd7 22. Bxd7+ Rxd7 23. Bxa7 O-O 24. h3 Nc4 25. Qf5 g6 26. Qf6 Rd6 27.
Qf4 Nd2 28. Rbd1 Nc4 29. Bd4 Rc6 30. Qh6 f6 31. Rfe1 Nd6 32. Qf4 Nf5 33. Qxc7
Rxc7 34. Rb1 Kf7 35. Rb5 Nxd4 36. cxd4 Rd8 37. Reb1 Rxd4 38. Rxb7 Rd1+ 39. Kh2
Rdd7 1/2-1/2

[Event "Reykjavik Open 2015"]
[Site "Reykjavik ISL"]
[Date "2015.03.14"]
[Round "6.36"]
[White "Soors, Stef"]
[Black "Quillien, Emmanuel"]
[Result "1-0"]
[WhiteTitle "IM"]
[WhiteElo "2408"]
[BlackElo "2202"]
[WhiteFideId "209511"]
[BlackFideId "616524"]
[EventDate "2015.03.10"]

1. e4 e6 2. d4 d5 3. Nd2 Nc6 4. Ngf3 Nf6 5. e5 Nd7 6. Bd3 f6 7. Ng5 Ndxe5 8.
dxe5 fxg5 9. Qh5+ g6 10. Bxg6+ Kd7 11. c4 Nxe5 12. Bc2 Qf6 13. O-O c6 14. Rd1
Kc7 15. b4 Bxb4 16. Rb1 Bxd2 17. Bxd2 Qf7 18. Qe2 Nxc4 19. Bxg5 b6 20. Rd4 Ba6
21. Rf4 Qd7 22. Bd3 Kb7 23. Re1 Rae8 24. Bxc4 Bxc4 25. Qf3 Qd6 26. Rf7+ Ka8 27.
a4 Rhf8 28. a5 Rxf7 29. Qxf7 Rf8 30. Qxh7 Qc5 31. Qc2 Qxa5 32. Rxe6 Qa1+ 33. Bc1
Rc8 34. h4 Qd4 35. Bg5 Kb7 36. Re7+ Rc7 37. Rxc7+ Kxc7 38. Qh7+ Kb8 39. Qf7 Qa1+
40. Kh2 Qh8 41. h5 b5 42. Bf6 d4 43. Qg6 Qf8 44. Bxd4 Qe7 45. Bg7 Bg8 46. h6 Kb7
47. Kg3 Qa3+ 48. Kh2 Qe7 49. Kg3 Qa3+ 50. f3 Qe3 51. Qe4 Qg5+ 52. Qg4 Qe7 53. f4
Qe3+ 54. Kh2 Qe4 55. Qd7+ Ka6 56. Qc8+ Kb6 57. Qd8+ Ka6 58. Qc8+ Kb6 59. Qd8+
Ka6 60. Qxg8 Qxf4+ 61. Kh3 Qf5+ 62. g4 Qf3+ 63. Kh4 Qf2+ 64. Kh5 Qh2+ 65. Kg6
Qc2+ 66. Kf6 Qf2+ 67. Ke7 Qe2+ 68. Qe6 1-0

[Event "Reykjavik Open 2015"]
[Site "Reykjavik ISL"]
[Date "2015.03.14"]
[Round "6.37"]
[White "Barthel, Ansgar"]
[Black "Jensson, Einar Hjalti"]
[Result "1-0"]
[BlackTitle "FM"]
[WhiteElo "2230"]
[BlackElo "2390"]
[WhiteFideId "4643461"]
[BlackFideId "2301067"]
[EventDate "2015.03.10"]

1. e4 e5 2. Nf3 Nc6 3. Bc4 Bc5 4. d3 d6 5. Nc3 a6 6. a3 Nd4 7. Nxd4 exd4 8. Qh5
g6 9. Qf3 Be6 10. Bxe6 fxe6 11. Ne2 Qf6 12. Qg3 h6 13. O-O Ne7 14. c3 Nc6 15. b4
Bb6 16. c4 a5 17. Bd2 Kd7 18. f4 axb4 19. axb4 Rxa1 20. Rxa1 Rg8 21. h3 g5 22.
Rf1 Qg7 23. b5 Na5 24. Bxa5 Bxa5 25. f5 exf5 26. exf5 Qe5 27. Qxe5 dxe5 28. Ng3
Bd2 29. Ne4 Be3+ 30. Kh2 Rf8 31. Nc5+ Ke7 32. Nxb7 Ra8 33. Nc5 Bf4+ 34. Kh1 h5
35. Na6 Ra7 36. g4 hxg4 37. hxg4 Kd6 38. Kg2 c6 39. Rh1 e4 40. Rh6+ 1-0

[Event "Reykjavik Open 2015"]
[Site "Reykjavik ISL"]
[Date "2015.03.14"]
[Round "6.38"]
[White "Ahlander, Bjorn"]
[Black "Haessel, Dale R."]
[Result "1-0"]
[WhiteTitle "IM"]
[BlackTitle "FM"]
[WhiteElo "2380"]
[BlackElo "2174"]
[WhiteFideId "1700251"]
[BlackFideId "2012618"]
[EventDate "2015.03.10"]

1. e4 e5 2. Nf3 Nc6 3. Bb5 Nf6 4. d3 Bc5 5. O-O Nd4 6. Nxd4 Bxd4 7. c3 Bb6 8.
Bg5 h6 9. Bh4 c6 10. Ba4 d6 11. Nd2 g5 12. Bg3 Bg4 13. Qe1 Nh5 14. Nc4 Nf4 15.
Qd2 Bc7 16. Ne3 Bd7 17. d4 O-O 18. Rad1 f6 19. dxe5 fxe5 20. Bb3+ Kg7 21. Nc4
Be6 22. Nxd6 Bxb3 23. axb3 Qxd6 24. Bxf4 Qg6 25. Bg3 Rf7 26. f3 h5 27. Bf2 g4
28. fxg4 hxg4 29. Bc5 Rxf1+ 30. Rxf1 Rd8 31. Qf2 b6 32. Be7 Re8 33. Bf6+ Kg8 34.
Qh4 1-0

[Event "Reykjavik Open 2015"]
[Site "Reykjavik ISL"]
[Date "2015.03.14"]
[Round "6.39"]
[White "Olafsson, Thorvardur"]
[Black "Hauge, Lars Oskar"]
[Result "0-1"]
[BlackTitle "FM"]
[WhiteElo "2230"]
[BlackElo "2380"]
[WhiteFideId "2301148"]
[BlackFideId "1509276"]
[EventDate "2015.03.10"]

1. e4 e6 2. d4 d5 3. Nc3 Bb4 4. e5 Ne7 5. a3 Bxc3+ 6. bxc3 c5 7. Qg4 Qc7 8. Bd3
cxd4 9. Ne2 dxc3 10. Qxg7 Rg8 11. Qxh7 Qxe5 12. Bf4 Qf6 13. h4 Nd7 14. Bg5 Qh8
15. Qxh8 Rxh8 16. Nxc3 f6 17. Bd2 Nc5 18. Bb5+ Kf7 19. Be3 b6 20. Rb1 e5 21.
Bxc5 bxc5 22. Nxd5 Nxd5 23. Bc6 Be6 24. Bxa8 Rxa8 25. Rb7+ Kg6 26. O-O Nc3 27.
Re1 Rh8 28. Re3 Nd5 29. Rg3+ Kf5 30. Rxa7 Rxh4 31. Rf3+ Nf4 32. g3 Rh8 33. Re3
Nd5 34. Rf3+ Kg6 35. Ra6 Bf5 36. Ra4 Bxc2 37. Rg4+ Kf7 38. Rh4 Rb8 39. a4 Rb1+
40. Kg2 Ra1 0-1

[Event "Reykjavik Open 2015"]
[Site "Reykjavik ISL"]
[Date "2015.03.14"]
[Round "6.40"]
[White "Abdumalik, Zhansaya"]
[Black "Einarsson, Halldor Gretar"]
[Result "1-0"]
[WhiteTitle "WGM"]
[BlackTitle "FM"]
[WhiteElo "2379"]
[BlackElo "2166"]
[WhiteFideId "13703544"]
[BlackFideId "2300150"]
[EventDate "2015.03.10"]

1. e4 c5 2. Nf3 Nc6 3. Bb5 d6 4. O-O Bd7 5. Re1 Nf6 6. c3 a6 7. Bf1 Bg4 8. h3
Bxf3 9. Qxf3 g6 10. d3 Bg7 11. Be3 O-O 12. Nd2 Nd7 13. Qd1 b5 14. Nf3 b4 15. d4
bxc3 16. bxc3 Qa5 17. Qd3 Rfb8 18. Rec1 Qa3 19. Qd1 Qa5 20. a3 Nb6 21. a4 Nd7
22. Qd3 Rc8 23. Nd2 cxd4 24. cxd4 Nb4 25. Qb3 Nb6 26. Rxc8+ 1-0

[Event "Reykjavik Open 2015"]
[Site "Reykjavik ISL"]
[Date "2015.03.14"]
[Round "6.41"]
[White "Halldorsson, Jon Arni"]
[Black "Welling, Gerard"]
[Result "0-1"]
[BlackTitle "IM"]
[WhiteElo "2150"]
[BlackElo "2355"]
[WhiteFideId "2301075"]
[BlackFideId "1000446"]
[EventDate "2015.03.10"]

1. d4 Nf6 2. Nf3 e6 3. c4 d5 4. g3 Bb4+ 5. Bd2 Be7 6. Bg2 O-O 7. O-O c6 8. Qc2
Nbd7 9. b3 b6 10. Bc3 Bb7 11. Nbd2 c5 12. Rad1 Qc7 13. Qb2 dxc4 14. dxc5 cxb3
15. cxb6 axb6 16. Nxb3 Bd5 17. Nfd2 Bxg2 18. Kxg2 Rfc8 19. Bd4 e5 20. Be3 Nd5
21. Rc1 Qb7 22. Rxc8+ Rxc8 23. Nf3 Nxe3+ 24. fxe3 Qd5 25. Qd2 Qxd2 26. Nfxd2 Bb4
27. Rd1 Kf8 28. Kf3 Ke7 29. Ke4 Ke6 30. Kd3 f5 0-1